Fr. Conceicao Rodrigues College of Engineering

Wind energy systems and applications (Record no. 33676)

MARC details
000 -LEADER
fixed length control field 00348nam a2200157Ia 4500
082 ## - DEWEY DECIMAL CLASSIFICATION NUMBER
Item number KOT
100 ## - MAIN ENTRY--PERSONAL NAME
Personal name Kothari/D.P/ Umashankar/S
245 ## - TITLE STATEMENT
Title Wind energy systems and applications
260 ## - PUBLICATION, DISTRIBUTION, ETC.
Name of publisher, distributor, etc. Narosa
Date of publication, distribution, etc. 2014
366 ## - TRADE AVAILABILITY INFORMATION
Publishers's discount category 25
546 ## - LANGUAGE NOTE
Language note ENGLISH
-- PAMPHALETS
650 ## - SUBJECT ADDED ENTRY--TOPICAL TERM
Topical term or geographic name entry element wind energy
654 ## - SUBJECT ADDED ENTRY--FACETED TOPICAL TERMS
Focus term wind energy
942 ## - ADDED ENTRY ELEMENTS (KOHA)
Koha item type BOOK
Holdings
Withdrawn status Lost status Damaged status Not for loan Collection Home library Current library Date acquired Source of acquisition Cost, normal purchase price Inventory number Total Checkouts Full call number Barcode Date last seen Cost, replacement price Price effective from Koha item type
        CRC Fr. Agnel's C.Rodrigues College of Engineering Fr. Agnel's C.Rodrigues College of Engineering 17/03/2023 Allied Publishers 228.75 939 dt 23.01.2017   KOT 24644 17/03/2023 305.00   BOOK